书目信息 |
| 题名: |
普通生物学实验指导
|
|
| 作者: | 王元秀 主编 | |
| 分册: | ||
| 出版信息: | 北京 化学工业出版社 2013.09 |
|
| 页数: | 114页 | |
| 开本: | 24cm | |
| 丛书名: | ||
| 单 册: | ||
| 中图分类: | Q1-33 | |
| 科图分类: | ||
| 主题词: | 普通生物学 , 普通生物学--实验--高等教育--教学参考资料 | |
| 电子资源: | ||
| ISBN: | 978-7-122-08619-8 | |
| 000 | 01105n|m0 2200313 450 | |
| 001 | 0100140457 | |
| 005 | 20141020221152.0 | |
| 010 | @a978-7-122-08619-8@dCNY15.00 | |
| 100 | @a20140914d2013 em y0chiy50 ea | |
| 101 | 0 | @achi |
| 101 | 11 | @achi |
| 102 | @aCN@b110000 | |
| 105 | @aa z 000yy | |
| 106 | 1 | @ar |
| 135 | @adrbn ---auuuu | |
| 200 | 1 | @a普通生物学实验指导@Apu tong sheng wu xue shi yan zhi dao@9pu tong sheng wu xue shi yan zhi dao@b电子资源.图书@f王元秀主编@Fwang yuan xiu zhu bian |
| 210 | @a北京@c化学工业出版社@d2013.09 | |
| 215 | @a114页@c图@d24cm | |
| 325 | @a电子复制品 | |
| 330 | @a本书通过普通生物学实验使学生掌握生物绘画、显微镜的使用、生物制片、生物的解剖等技能等。本书主要内容包括细胞生物学、植物学、动物学、解剖生理学、遗传学等部分内容。 | |
| 510 | 1 | @aLaboratory experiments in general biology@zeng |
| 540 | @a普通生物学实验指导 | |
| 606 | 0 | @a普通生物学 |
| 606 | 0 | @a普通生物学@x实验@x高等教育@j教学参考资料 |
| 690 | @aQ1-33@v4 | |
| 701 | 0 | @a王元秀@Awang yuan xiu@4主编 |
| 801 | @aCN | |
| 901 | @a001 | |
| 905 | @b1103149-51@dQ1-33@eW447@f3@a241430 | |
| 普通生物学实验指导[电子资源.图书]/王元秀主编.-北京:化学工业出版社,2013.09 |
| 114页:图;24cm |
| ISBN 978-7-122-08619-8:CNY15.00 |
| 本书通过普通生物学实验使学生掌握生物绘画、显微镜的使用、生物制片、生物的解剖等技能等。本书主要内容包括细胞生物学、植物学、动物学、解剖生理学、遗传学等部分内容。 |
| ● |
| 相关链接 |
|
|
|
正题名:普通生物学实验指导
索取号:Q1-33/W447
 
预约/预借
| 序号 | 登录号 | 条形码 | 馆藏地/架位号 | 状态 | 备注 |
| 1 | 1103149 | 211031499 | 期刊室512/401自科库 25排1列1层/ [索取号:Q1-33/W447] | 在馆 | |
| 2 | 1103150 | 211031505 | 自科库401/401自科库 25排1列1层/ [索取号:Q1-33/W447] | 在馆 | |
| 3 | 1103151 | 211031514 | 自科库401/401自科库 25排1列1层/ [索取号:Q1-33/W447] | 在馆 |